000 00731nam a2200229 i 4500
001 bg
100 1 _aOZIMINA, Ewa
245 1 0 _aLaboratorium z chemii budowlanej /
_cEwa Ozimina, Kazimierz Sułko.
260 _aKielce :
_bWydawnictwo Politechniki Świętokrzyskiej,
_c2006.
300 _a165 s. :
_brys. ;
_c24 cm.
490 1 _aSkrypty / Politechnika Świętokrzyska,
_x0239-6386 ;
_vnr 421
504 _aBibliogr.
650 9 _aMateriały budowlane
_xchemia
655 _aPodręczniki akademickie
700 1 _aSUŁKO, Kazimierz
830 0 _aSkrypty (Politechnika Świętokrzyska) ;
_vnr 421
040 _cBPK
041 0 _apol
080 _a691:54](075.8)
942 _cKS
008 s pl f |000 0 pol
999 _c52081
_d52081
856 _uhttp://koha.tu.koszalin.pl/cgi-bin/koha/opac-detail.pl?biblionumber=52081
_yKatalog online BPK